| 000 | 00525nam a22001817a 4500 | ||
|---|---|---|---|
| 999 |
_c526323 _d526323 |
||
| 003 | NUST | ||
| 020 | _qHBK | ||
| 038 | _aFaiza | ||
| 082 |
_a891.4911 _bSHA |
||
| 100 |
_aShakeel, Munawwar _917307 |
||
| 245 |
_aAkkhan Mitti ho Geiaan / _cMunawwar Shakeel |
||
| 260 |
_aLahore : _bPunjabi Markaz, _c2013. |
||
| 300 | _a95 p. ; | ||
| 880 |
_6100-01\r _aمنور شکیل |
||
| 880 |
_6245-02\r _aاکھاں مِٹی ہو گئیاں / |
||
| 880 |
_6260-03\r _aلاہور : _bپنجابی مرکز, _c۲۰۱۳. |
||
| 942 |
_2ddc _cBK |
||